[Event "Alberta op"]
[Site "Edmonton "]
[Date "2006.10.09"]
[Round "5"]
[White "Reeve, Jeff"]
[Black "Boik, Andrew"]
[Result "0-1"]
[WhiteElo "2286"]
[BlackElo "2099"]
[PlyCount "78"]
[EventDate "2006.10.11"]
[EventType "swiss"]
[EventRounds "6"]
[EventCountry "CAN"]
[SourceTitle "EXT 2008"]
[Source "ChessBase"]
[SourceDate "2007.11.25"]
[SourceVersion "1"]
[SourceVersionDate "2007.11.25"]
[SourceQuality "1"]

1. Nf3 Nf6 2. g3 b6 3. Bg2 Bb7 4. 0-0 c5 5. d3 d5 6. Nbd2 Nbd7 7. e4 dxe4 8. Ng5 e6 9. Ngxe4 Qc7 10. b3 Be7 11. Bb2 0-0 12. f4 Nd5 13. Qe2 Rad8 14. Nc4 b5 15. Ne5 Nxe5 16. Bxe5 Qc8 17. c4 Nb4 18. Rad1 Nc6 19. cxb5 Nxe5 20. fxe5 Qd7 21. a4 Qd4+ 22. Nf2 Bxg2 23. Kxg2 Qd5+ 24. Qe4 Qxb3 25. Rb1 Qc3 26. Rfc1 Qa5 27. Rc4 Rd5 28. d4 Rfd8 29. dxc5 Bxc5 30. Rb2 Bd4 31. Rbc2 Rxe5 32. Qb7 Red5 33. Rc8 Bb6 34. Qc6 h6 35. Rxd8+ Rxd8 36. Qc4 Rd4 37. Qc8+ Kh7 38. Ra2 Rd2 39. Qc4 Bxf2 0-1

[Event "Alberta op"]
[Site "Edmonton "]
[Date "2006.10.08"]
[Round "3"]
[White "Hansen, Eric"]
[Black "Boik, Andrew"]
[Result "1-0"]
[WhiteElo "1957"]
[BlackElo "2099"]
[PlyCount "45"]
[EventDate "2006.10.11"]
[EventType "swiss"]
[EventRounds "6"]
[EventCountry "CAN"]
[SourceTitle "EXT 2008"]
[Source "ChessBase"]
[SourceDate "2007.11.25"]
[SourceVersion "1"]
[SourceVersionDate "2007.11.25"]
[SourceQuality "1"]

1. e4 c5 2. Nf3 d6 3. d4 cxd4 4. Nxd4 Nf6 5. Nc3 a6 6. Be2 e6 7. Be3 Qc7 8. a4 Nbd7 9. f4 b6 10. Bf3 Bb7 11. f5 Nc5 12. fxe6 fxe6 13. 0-0 e5 14. Nb3 Nfxe4 15. Bxe4 Nxe4 16. Nd5 Qc6 17. c4 Qxc4 18. Nxb6 Qb4 19. Qg4 Bc6 20. Qe6+ Be7 21. Rf7 Ra7 22. Nc8 Rd7 23. Nxe7 1-0

[Event "Battle of Alberta"]
[Site "Red Deer"]
[Date "2005.08.20"]
[Round "1"]
[White "Aspler, Gerald"]
[Black "Boik, Andrew"]
[Result "0-1"]
[WhiteElo "2037"]
[BlackElo "2050"]
[PlyCount "82"]
[EventDate "2005.08.20"]
[EventType "match"]
[EventRounds "2"]
[EventCountry "CAN"]
[SourceTitle "EXT 2007"]
[Source "ChessBase"]
[SourceDate "2006.11.23"]
[SourceVersion "1"]
[SourceVersionDate "2006.11.23"]
[SourceQuality "1"]

1. Nf3 Nf6 2. c4 e6 3. g3 d5 4. Bg2 Be7 5. 0-0 0-0 6. b3 c5 7. Bb2 Nc6 8. Na3 d4 9. d3 e5 10. Nd2 Be6 11. h3 Nd7 12. Nc2 f5 13. f4 exf4 14. gxf4 Bd6 15. Qe1 Qc7 16. e3 dxe3 17. Qxe3 Rae8 18. Rae1 Nf6 19. Bxf6 Rxf6 20. Bd5 Qf7 21. Rf2 Re7 22. Bxc6 bxc6 23. Qf3 Bd7 24. Rxe7 Qxe7 25. Nf1 Rg6+ 26. Kh2 Qh4 27. Nce3 Rh6 28. Ng2 Qg4 29. Nfe3 Qxf3 30. Rxf3 g5 31. Kg3 g4 32. hxg4 fxg4 33. Rf1 Rh3+ 34. Kf2 h5 35. Ke2 Rh2 36. f5 h4 37. Kd1 h3 38. Nh4 g3 39. Nf3 g2 40. Rg1 Rh1 41. Nxg2 hxg2 0-1

[Event "Battle of Alberta"]
[Site "Red Deer"]
[Date "2005.08.20"]
[Round "2"]
[White "Boik, Andrew"]
[Black "Aspler, Gerald"]
[Result "1-0"]
[WhiteElo "2050"]
[BlackElo "2037"]
[PlyCount "43"]
[EventDate "2005.08.20"]
[EventType "match"]
[EventRounds "2"]
[EventCountry "CAN"]
[SourceTitle "EXT 2007"]
[Source "ChessBase"]
[SourceDate "2006.11.23"]
[SourceVersion "1"]
[SourceVersionDate "2006.11.23"]
[SourceQuality "1"]

1. e4 e5 2. Nf3 d6 3. Bc4 Qf6 4. Nc3 Bg4 5. Nd5 Qd8 6. d4 Nd7 7. c3 h6 8. Qb3 Rb8 9. Nxc7+ Qxc7 10. Bxf7+ Kd8 11. Bxg8 Be7 12. Be6 Bxf3 13. gxf3 Rf8 14. Bxd7 Qxd7 15. dxe5 Rxf3 16. exd6 Qxd6 17. Be3 Rxe3+ 18. fxe3 Bh4+ 19. Ke2 Qa6+ 20. c4 Kc7 21. Qb5 Qg6 22. Qc5+ 1-0

[Event "Edmonton Sect Sept"]
[Site "Edmonton"]
[Date "2004.09.27"]
[Round "5"]
[White "Boik, Andrew"]
[Black "Kazmaier, Daniel"]
[Result "1/2-1/2"]
[WhiteElo "2097"]
[BlackElo "2083"]
[PlyCount "52"]
[EventDate "2004.09.??"]
[EventType "swiss"]
[EventRounds "5"]
[EventCountry "CAN"]
[SourceTitle "EXT 2006"]
[Source "ChessBase"]
[SourceDate "2005.11.24"]
[SourceVersion "1"]
[SourceVersionDate "2005.11.24"]
[SourceQuality "1"]

1. e4 e6 2. d4 d5 3. Nc3 Nf6 4. Bg5 Be7 5. e5 Ng8 6. Be3 b6 7. Nce2 Ba6 8. Nf3 c5 9. c3 g5 10. h4 g4 11. Nh2 h5 12. g3 Nh6 13. Bxh6 Rxh6 14. Nf4 Bxf1 15. Kxf1 Nc6 16. Kg2 b5 17. f3 cxd4 18. cxd4 gxf3+ 19. Nxf3 Qb6 20. Qd2 Rh8 21. Rhf1 0-0-0 22. Qe3 Kb8 23. Rac1 Na5 24. b3 Nc6 25. Nd3 Rhg8 26. Nc5 Rg4 1/2-1/2

[Event "Battle of Alberta"]
[Site "Red Deer"]
[Date "2004.08.07"]
[Round "1"]
[White "Boik, Andrew"]
[Black "Hinds, Ronald"]
[Result "1-0"]
[WhiteElo "2032"]
[BlackElo "1968"]
[PlyCount "51"]
[EventDate "2004.08.07"]
[EventType "team"]
[EventRounds "2"]
[EventCountry "CAN"]
[SourceTitle "EXT 2006"]
[Source "ChessBase"]
[SourceDate "2005.11.24"]
[SourceVersion "1"]
[SourceVersionDate "2005.11.24"]
[SourceQuality "1"]

1. e4 c5 2. Nf3 e6 3. d4 cxd4 4. Nxd4 Nf6 5. Nc3 d6 6. g4 h6 7. h4 Be7 8. Rg1 d5 9. Bb5+ Kf8 10. e5 Nfd7 11. Bf4 a6 12. Bxd7 Bxd7 13. g5 hxg5 14. Bxg5 Bxg5 15. hxg5 g6 16. Qg4 Nc6 17. Nxc6 bxc6 18. 0-0-0 Rb8 19. Rh1 Rg8 20. Rh7 Qb6 21. Qf4 Be8 22. b3 Qb4 23. Qf3 Ke7 24. Kb2 Kf8 25. Rdh1 Ke7 26. R1h4 1-0

[Event "Battle of Alberta"]
[Site "Red Deer"]
[Date "2004.08.07"]
[Round "2"]
[White "Hinds, Ronald"]
[Black "Boik, Andrew"]
[Result "0-1"]
[WhiteElo "1968"]
[BlackElo "2032"]
[PlyCount "96"]
[EventDate "2004.08.07"]
[EventType "team"]
[EventRounds "2"]
[EventCountry "CAN"]
[SourceTitle "EXT 2006"]
[Source "ChessBase"]
[SourceDate "2005.11.24"]
[SourceVersion "1"]
[SourceVersionDate "2005.11.24"]
[SourceQuality "1"]

1. e4 c5 2. Nf3 d6 3. d4 cxd4 4. Nxd4 Nf6 5. Nc3 a6 6. Bg5 e6 7. f4 Qb6 8. Qd2 Qxb2 9. Nb3 Qa3 10. Bxf6 gxf6 11. Be2 Nc6 12. 0-0 h5 13. Rad1 Be7 14. Kh1 Bd7 15. Bf3 Rc8 16. f5 Ne5 17. Be2 Qb4 18. Nb1 Qxe4 19. Nd4 Qd5 20. Qb4 Bc6 21. Nxc6 Qxc6 22. fxe6 fxe6 23. Qb3 Kd7 24. c4 Rhg8 25. Rf2 Rg5 26. Nd2 Ng4 27. Rf3 Ne5 28. Rf2 Rcg8 29. Qh3 f5 30. Bf3 Qb6 31. Re2 Nd3 32. Rf1 Nf4 33. Bc6+ Qxc6 34. Rxf4 Rg4 35. Rff2 Bg5 36. Qxh5 Be3 37. h3 Rg3 38. Rf3 Bc5 39. Qf7+ Kc8 40. Rxg3 Rxg3 41. Qxe6+ Kb8 42. Qxf5 Qa4 43. Qf8+ Ka7 44. Qf1 Rd3 45. Nb3 Qxc4 46. Nxc5 dxc5 47. Re3 Rc3 48. Rxc3 Qxf1+ 0-1

[Event "Edmonton AB"]
[Site "Edmonton"]
[Date "2004.04.10"]
[Round "2"]
[White "Boik, Andrew"]
[Black "Reeve, Jeff"]
[Result "1-0"]
[WhiteElo "1999"]
[BlackElo "2392"]
[PlyCount "74"]
[EventDate "2004.04.??"]
[EventType "tourn"]
[EventRounds "7"]
[EventCountry "CAN"]
[SourceTitle "EXT 2006"]
[Source "ChessBase"]
[SourceDate "2005.11.24"]
[SourceVersion "1"]
[SourceVersionDate "2005.11.24"]
[SourceQuality "1"]

1. e4 c5 2. Nf3 Nc6 3. d4 cxd4 4. Nxd4 Nf6 5. Nc3 e5 6. Ndb5 d6 7. Bg5 a6 8. Na3 b5 9. Nd5 Be7 10. Bxf6 Bxf6 11. c3 0-0 12. Nc2 Bg5 13. h4 Bh6 14. g4 Bf4 15. Qf3 Bb7 16. Nxf4 Qf6 17. g5 Qxf4 18. Qxf4 exf4 19. Bg2 Ne5 20. Ke2 d5 21. f3 dxe4 22. fxe4 f5 23. gxf6 f3+ 24. Bxf3 Nxf3 25. Kxf3 Rxf6+ 26. Ke3 Re8 27. Rh2 Rxe4+ 28. Kd2 Ref4 29. Re1 Bd5 30. Nb4 Bc4 31. b3 Bf7 32. Nd3 Rd6 33. Ke3 Rg4 34. Rh3 Rg2 35. Ra1 Be6 36. Rf3 Bg4 37. Rc1 Re6+ 1-0

[Event "Northern Alberta op"]
[Site "Edmonton"]
[Date "2004.02.22"]
[Round "4"]
[White "Boik, Andrew"]
[Black "Dean, Tim"]
[Result "0-1"]
[WhiteElo "1975"]
[BlackElo "1841"]
[PlyCount "56"]
[EventDate "2004.02.??"]
[EventType "swiss"]
[EventRounds "5"]
[EventCountry "CAN"]
[SourceTitle "EXT 2006"]
[Source "ChessBase"]
[SourceDate "2005.11.24"]
[SourceVersion "1"]
[SourceVersionDate "2005.11.24"]
[SourceQuality "1"]

1. e4 c5 2. Nf3 d6 3. d4 cxd4 4. Nxd4 Nf6 5. Nc3 a6 6. Bg5 e6 7. f4 Qb6 8. Qd2 Qxb2 9. Nb3 Qa3 10. Bxf6 gxf6 11. Be2 h5 12. 0-0 Be7 13. f5 Nc6 14. Rf4 h4 15. Qe1 Qb4 16. a3 Qb6+ 17. Kh1 Qe3 18. Rf3 Qg5 19. Qf2 Ne5 20. Rf4 Bd7 21. Rf1 Rc8 22. Qd4 b5 23. Nd2 Nc6 24. Qd3 b4 25. axb4 Nxb4 26. Qf3 e5 27. Rg4 Qxd2 28. Na4 Bxa4 0-1

[Event "Northern Alberta op"]
[Site "Edmonton"]
[Date "2004.02.22"]
[Round "2"]
[White "Reeve, Jeff"]
[Black "Boik, Andrew"]
[Result "1-0"]
[WhiteElo "2386"]
[BlackElo "1975"]
[PlyCount "79"]
[EventDate "2004.02.??"]
[EventType "swiss"]
[EventRounds "5"]
[EventCountry "CAN"]
[SourceTitle "EXT 2006"]
[Source "ChessBase"]
[SourceDate "2005.11.24"]
[SourceVersion "1"]
[SourceVersionDate "2005.11.24"]
[SourceQuality "1"]

1. Nf3 Nf6 2. c4 e6 3. Nc3 d5 4. d4 Be7 5. Bg5 Nbd7 6. cxd5 exd5 7. e3 0-0 8. Bd3 c6 9. 0-0 Ne4 10. Bxe4 Bxg5 11. Nxg5 Qxg5 12. Bd3 Nf6 13. Qc2 Re8 14. Rae1 Bg4 15. f3 Be6 16. Qf2 Rad8 17. g4 Nd7 18. Kh1 f5 19. h4 Qf6 20. g5 Qf7 21. Ne2 Nf8 22. Rg1 Bc8 23. Rg3 g6 24. f4 Re6 25. Ng1 Nd7 26. Rh3 c5 27. Nf3 c4 28. Bc2 b5 29. h5 Rde8 30. hxg6 hxg6 31. Kg2 Qg7 32. Kg3 b4 33. Ba4 c3 34. bxc3 bxc3 35. Ne5 Nxe5 36. dxe5 Ba6 37. Reh1 Rb8 38. Qh2 Rb2 39. Rh8+ Kf7 40. Qh7 1-0

[Event "CAN-ch U20"]
[Site "Calgary"]
[Date "2004.01.05"]
[Round "7"]
[White "Boik, Andrew"]
[Black "Wong, Wylon"]
[Result "1-0"]
[WhiteElo "1980"]
[BlackElo "1922"]
[PlyCount "59"]
[EventDate "2004.01.??"]
[EventType "swiss"]
[EventRounds "9"]
[EventCountry "CAN"]
[SourceTitle "EXT 2005"]
[Source "ChessBase"]
[SourceDate "2004.11.15"]
[SourceVersion "1"]
[SourceVersionDate "2004.11.15"]
[SourceQuality "1"]

1. e4 d6 2. d4 Nf6 3. Nc3 c6 4. Be3 g6 5. Qd2 Bg7 6. f3 0-0 7. g4 e5 8. Nge2 Nbd7 9. 0-0-0 d5 10. exd5 Nxd5 11. Nxd5 cxd5 12. h4 Nb6 13. Ng3 e4 14. h5 exf3 15. Bh6 Bf6 16. Kb1 Re8 17. Qf4 g5 18. Qxf3 Nc4 19. Nf5 Bxf5 20. Bxc4 Bxc2+ 21. Kxc2 dxc4 22. Rhf1 Re6 23. Bxg5 Re2+ 24. Qxe2 Bxg5 25. Kb1 Qc7 26. Rf5 h6 27. Rc5 Qf4 28. Rxc4 Rd8 29. d5 Qd6 30. Re4 1-0

[Event "CAN-ch U20"]
[Site "Calgary"]
[Date "2004.01.05"]
[Round "6"]
[White "Kaminski, Victor Kazimierz"]
[Black "Boik, Andrew"]
[Result "1-0"]
[WhiteElo "1966"]
[BlackElo "1980"]
[PlyCount "133"]
[EventDate "2004.01.??"]
[EventType "swiss"]
[EventRounds "9"]
[EventCountry "CAN"]
[SourceTitle "EXT 2005"]
[Source "ChessBase"]
[SourceDate "2004.11.15"]
[SourceVersion "1"]
[SourceVersionDate "2004.11.15"]
[SourceQuality "1"]

1. d4 Nf6 2. Nf3 e6 3. Bf4 c5 4. e3 b6 5. c3 Bb7 6. Bd3 d5 7. Nbd2 Be7 8. h3 Nbd7 9. 0-0 Ne4 10. Qc2 Ndf6 11. Bb5+ Kf8 12. Ne5 Nxd2 13. Qxd2 Rc8 14. Bg5 Ne4 15. Bxe7+ Qxe7 16. Qe2 f6 17. Nf3 Kf7 18. Bd3 Nd6 19. Rad1 Rhd8 20. Nd2 Kg8 21. f4 e5 22. Rfe1 Re8 23. Qf2 e4 24. Bb1 cxd4 25. cxd4 Rc6 26. Rc1 Rec8 27. Nb3 Nc4 28. Rc3 a5 29. Rec1 Qb4 30. a3 Qb5 31. Ba2 Kh8 32. g3 a4 33. Na1 Qxb2 34. Bxc4 Qxf2+ 35. Kxf2 Ba6 36. Ke2 Bxc4+ 37. Kd2 Kg8 38. Nc2 Rd6 39. Nb4 Rcd8 40. Rb1 Kf7 41. Rbc1 h5 42. Rg1 g5 43. f5 Kg7 44. Rcc1 Rc8 45. Rc3 Rd7 46. Rgc1 Rcd8 47. Rg1 Kf7 48. Re1 Rd6 49. Rg1 Ke7 50. Re1 Kd7 51. Rg1 Rc8 52. Rgc1 b5 53. Rg1 Rb6 54. Rgc1 Kc7 55. Nxd5+ Kb7 56. Nxb6 Kxb6 57. Rb1 Ka5 58. Rb4 Rc7 59. Rcxc4 bxc4 60. Kc3 g4 61. hxg4 hxg4 62. d5 Rh7 63. Kxc4 Rh3 64. d6 Rh1 65. d7 Rd1 66. Rb5+ Ka6 67. Rd5 1-0

[Event "CAN-ch U20"]
[Site "Calgary"]
[Date "2004.01.04"]
[Round "5"]
[White "Boik, Andrew"]
[Black "Vincent, Trevor"]
[Result "1/2-1/2"]
[WhiteElo "1980"]
[BlackElo "2010"]
[PlyCount "93"]
[EventDate "2004.01.??"]
[EventType "swiss"]
[EventRounds "9"]
[EventCountry "CAN"]
[SourceTitle "EXT 2005"]
[Source "ChessBase"]
[SourceDate "2004.11.15"]
[SourceVersion "1"]
[SourceVersionDate "2004.11.15"]
[SourceQuality "1"]

1. e4 c5 2. Nf3 Nc6 3. d4 cxd4 4. Nxd4 g6 5. c4 Nf6 6. Nc3 d6 7. Be2 Nxd4 8. Qxd4 Bg7 9. Bd2 0-0 10. Qe3 Be6 11. 0-0 a6 12. Rfc1 Nd7 13. Rab1 f5 14. f3 f4 15. Qf2 Rc8 16. b3 g5 17. Kh1 Qb6 18. Qxb6 Nxb6 19. Bf1 Nd7 20. Ne2 Nc5 21. Bc3 Bxc3 22. Rxc3 Rc7 23. Rbc1 Rfc8 24. g3 fxg3 25. hxg3 Nd7 26. Nd4 Kf7 27. Kg1 Rh8 28. Nxe6 Kxe6 29. Bh3+ Ke5 30. Bxd7 Rxd7 31. Rd3 Rc7 32. Rcd1 Kf6 33. Kf2 Rc5 34. Rd5 b6 35. Rh1 h5 36. Ke3 Rxd5 37. cxd5 Rc8 38. Kd3 Kg6 39. f4 Rh8 40. Kd4 gxf4 41. gxf4 h4 42. Rg1+ Kh5 43. Ke3 h3 44. Kf3 Rc8 45. Rg5+ Kh4 46. Rg4+ Kh5 47. Rg5+ 1/2-1/2

[Event "CAN-ch U20"]
[Site "Calgary"]
[Date "2004.01.02"]
[Round "2"]
[White "Boik, Andrew"]
[Black "Quan, Zhe"]
[Result "0-1"]
[WhiteElo "1980"]
[BlackElo "2449"]
[PlyCount "62"]
[EventDate "2004.01.??"]
[EventType "swiss"]
[EventRounds "9"]
[EventCountry "CAN"]
[SourceTitle "EXT 2005"]
[Source "ChessBase"]
[SourceDate "2004.11.15"]
[SourceVersion "1"]
[SourceVersionDate "2004.11.15"]
[SourceQuality "1"]

1. e4 c5 2. Nf3 d6 3. d4 cxd4 4. Nxd4 Nf6 5. Nc3 a6 6. Bg5 e6 7. f4 Be7 8. Qf3 Qc7 9. 0-0-0 Nbd7 10. Bd3 h6 11. Bh4 g5 12. fxg5 Ne5 13. Qe2 Nfg4 14. Nf3 hxg5 15. Bg3 Nxf3 16. gxf3 Ne5 17. Qf2 Ng6 18. Ne2 Bd7 19. f4 gxf4 20. Nxf4 Ne5 21. h4 Qc5 22. Qe2 0-0-0 23. Kb1 Rdg8 24. Bf2 Qc6 25. h5 Rg4 26. Be3 Bg5 27. Rdf1 f5 28. exf5 Bxf4 29. fxe6 Bxe6 30. Bd4 Qd5 31. Rxf4 Rxf4 0-1